आठ असमिया एकांकी और पियली फुकन / (Record no. 113081)
[ view plain ]
| 000 -LEADER | |
|---|---|
| fixed length control field | 01286nam a22002657a 4500 |
| 005 - DATE AND TIME OF LATEST TRANSACTION | |
| control field | 20170124102948.0 |
| 010 ## - LIBRARY OF CONGRESS CONTROL NUMBER | |
| LC control number | A-737178 |
| 020 ## - INTERNATIONAL STANDARD BOOK NUMBER | |
| Terms of availability | 51.00 |
| International Standard Book Number | 8123712405 |
| 035 ## - SYSTEM CONTROL NUMBER | |
| System control number | A-737178 |
| 037 ## - SOURCE OF ACQUISITION | |
| Source of stock number/acquisition | Cen Lib/Ret |
| 040 ## - CATALOGING SOURCE | |
| Original cataloging agency | DPL |
| Language of cataloging | HN |
| 082 ## - DEWEY DECIMAL CLASSIFICATION NUMBER | |
| Classification number | 822 |
| Item number | आठअ |
| 245 ## - TITLE STATEMENT | |
| Title | आठ असमिया एकांकी और पियली फुकन / |
| Statement of responsibility, etc | सम्पादक प्रफुल्ल दत्त गोस्वामी ; अनुवादक नवारुण वर्मा |
| 246 ## - VARYING FORM OF TITLE | |
| Title proper/short title | Ath asmiya ekanki aur piyli fukan / |
| Remainder of title | edited by Prafull Dutt Goswami ; translated by Navarun Verma |
| 260 ## - PUBLICATION, DISTRIBUTION, ETC. (IMPRINT) | |
| Place of publication, distribution, etc | नयी दिल्ली |
| Name of publisher, distributor, etc | नेशनल बुक ट्रस्ट |
| Date of publication, distribution, etc | 1995 |
| 270 ## - ADDRESS | |
| City | नयी दिल्ली |
| Address | ए-5, ग्रीन पार्क |
| Postal code | 110016 |
| 300 ## - PHYSICAL DESCRIPTION | |
| Extent | 268पृ. |
| Dimensions | 20सेमी (सजिल्द) |
| 650 ## - SUBJECT ADDED ENTRY--TOPICAL TERM | |
| Topical term or geographic name as entry element | हिन्दी -- साहित्य |
| 9 (RLIN) | 50524 |
| 650 ## - SUBJECT ADDED ENTRY--TOPICAL TERM | |
| Topical term or geographic name as entry element | हिन्दी -- नाटक |
| 9 (RLIN) | 1413 |
| 650 ## - SUBJECT ADDED ENTRY--TOPICAL TERM | |
| Topical term or geographic name as entry element | Hindi -- literature |
| 9 (RLIN) | 50525 |
| 650 ## - SUBJECT ADDED ENTRY--TOPICAL TERM | |
| Topical term or geographic name as entry element | Hindi - Play |
| 9 (RLIN) | 50526 |
| 700 ## - ADDED ENTRY--PERSONAL NAME | |
| Personal name | गोस्वामी, प्रफुल्ल दत्त |
| 9 (RLIN) | 50527 |
| 700 ## - ADDED ENTRY--PERSONAL NAME | |
| Personal name | वर्मा, नवारुण |
| 9 (RLIN) | 50528 |
| 942 ## - ADDED ENTRY ELEMENTS (KOHA) | |
| Source of classification or shelving scheme | Dewey Decimal Classification |
| Koha item type | Hindi Books |
| Classification part | 822 |
| Call number suffix | आठअ |
| Withdrawn status | Lost status | Damaged status | Not for loan | Home library | Current library | Date acquired | Source of acquisition | Cost, normal purchase price | Total Checkouts | Full call number | Barcode | Date last seen | Copy number | Cost, replacement price | Price effective from | Koha item type |
|---|---|---|---|---|---|---|---|---|---|---|---|---|---|---|---|---|
| Central Library | Central Library | 11/08/2015 | Cen Lib/Ret | 51.00 | 822 आठअ | A-737178 | 11/08/2015 | 1 | 51.00 | 11/08/2015 | Hindi Books |
